000 00445nam a2200193Ia 4500
005 20240823030342.0
008 240823s9999||||xx |||||||||||||| ||und||
020 _a978-81-89998-32-5
041 _aENGLISH
082 _A411 Q0
100 _aErik Fudge
245 0 _aHow to Speak Effective English
250 _a1st
260 _c2010
_bThree Ess Public
500 _aYES
650 _aEnglish
_bGeneral
942 _cBK
999 _c188492
_d188492